| 000 | 01301cam a22003377a 4500 | ||
|---|---|---|---|
| 001 | 13450 | ||
| 003 | BD-RjUL | ||
| 005 | 20211208235445.0 | ||
| 008 | 140201s2005 njua 001 0 eng d | ||
| 020 | _a076458331X (pbk.) | ||
| 020 | _a9780764583315 | ||
| 035 | _a(BD-RjUL)13501 | ||
| 040 |
_aUKM _cUKM _dOCLCQ _dOCLCQ _dBD-RjUL _beng |
||
| 041 | _aeng | ||
| 082 | 0 | 0 |
_a005.72 _222 _bWHH 2005 |
| 100 | 1 |
_aWhitehead, Paul, _d1965- _941955 |
|
| 245 | 1 | 0 |
_aHTML : _byour visual blueprint for designing Web pages with HTML, CSS, and XHTML / _cby Paul Whitehead and James H. Russell. |
| 260 |
_aHoboken, N.J. : _bWiley, _cc2005. |
||
| 300 |
_axii, 305 p. : _bill. ; _c23 cm. |
||
| 504 | _aIncludes index. | ||
| 650 | 0 |
_aHTML (Document markup language) _91387 |
|
| 650 | 0 |
_aWeb sites _xDesign. _941926 |
|
| 700 | 1 |
_aRussell, James H. _941957 |
|
| 856 | 4 | 2 |
_3Contributor biographical information _uhttp://www.loc.gov/catdir/enhancements/fy0628/2005921027-b.html |
| 856 | 4 | 2 |
_3Publisher description _uhttp://www.loc.gov/catdir/enhancements/fy0628/2005921027-d.html |
| 856 | 4 | 1 |
_3Table of contents only _uhttp://www.loc.gov/catdir/enhancements/fy0628/2005921027-t.html |
| 942 |
_2ddc _cBK _02 |
||
| 999 |
_c13450 _d13450 |
||